| 000 | 00636nam a2200205Ia 4500 | ||
|---|---|---|---|
| 005 | 20250508154303.0 | ||
| 008 | 008 250505s9999 xx 000 0 eng d | ||
| 037 | _aTextual | ||
| 040 |
_aFEDL _beng _cFEDL |
||
| 041 |
_aeng _2eng |
||
| 084 |
_a371.26, ILG _qFEDL |
||
| 100 | _aILG Frances L | ||
| 245 | 0 | _aSchool readiness : Behavior tests used at the gesell institute | |
| 260 |
_aNew York, USA _bHarper and Row Publisher _c1965 |
||
| 300 | _axiii,396p. | ||
| 650 | _aEducational - test case and measurement | ||
| 700 |
_a Ames Louise Bates _9765241 |
||
| 942 |
_cTEXL _h371.26, ILG |
||
| 999 |
_c1349382 _d1349382 |
||